000 00868naa a22002417u 4500
001 20890
003 HDC
007 cr bn ---aaaaa
008 210306t xx 000 0 eng
040 _aHDC
100 _aZAAHIRA MUHAMMAD,
_eauthor
_92349
245 0 _aSri Kulai launches licensing programme and lifestyle concept outlet at Jaya One /
_cby ZAAHIRA MUHAMMAD
260 _a[No place] :
_b[publisher not identified],
_c2009
336 _atext
_2rdacontent
337 _acomputer
_2rdamedia
338 _aonline resource
_2rdacarrier
650 _aEntrepreneurship
_9209
650 _aHalal food industry
_zMalaysia
_9218
856 _zRequest full-text at [email protected]
942 _2lcc
942 _cEIJ
942 _kEMAG 000921
999 _c18206
_d18206